<?xml version="1.0" encoding="UTF-8"?>
<record
    xmlns:xsi="http://www.w3.org/2001/XMLSchema-instance"
    xsi:schemaLocation="http://www.loc.gov/MARC21/slim http://www.loc.gov/standards/marcxml/schema/MARC21slim.xsd"
    xmlns="http://www.loc.gov/MARC21/slim">

  <leader>02368nam a22003257a 4500</leader>
  <controlfield tag="003">NALT</controlfield>
  <controlfield tag="005">20260204081934.0</controlfield>
  <controlfield tag="008">      s2551    th                  tha d</controlfield>
  <datafield tag="020" ind1=" " ind2=" ">
    <subfield code="a">9789744140555</subfield>
  </datafield>
  <datafield tag="020" ind1=" " ind2=" ">
    <subfield code="a">9789744145529</subfield>
  </datafield>
  <datafield tag="040" ind1=" " ind2=" ">
    <subfield code="a">NALT</subfield>
  </datafield>
  <datafield tag="050" ind1=" " ind2=" ">
    <subfield code="a">JK 421 </subfield>
    <subfield code="b">&#xE14;896&#xE01; 2551</subfield>
  </datafield>
  <datafield tag="100" ind1="1" ind2=" ">
    <subfield code="a">&#xE40;&#xE14;&#xE25;&#xE35;, &#xE1B;&#xE35;&#xE40;&#xE15;&#xE2D;&#xE23;&#xE4C; &#xE40;&#xE2D;&#xE0A;. </subfield>
    <subfield code="9">38595</subfield>
  </datafield>
  <datafield tag="245" ind1="1" ind2="0">
    <subfield code="a">90 &#xE27;&#xE31;&#xE19;&#xE2D;&#xE31;&#xE19;&#xE15;&#xE23;&#xE32;&#xE22;&#xE2A;&#xE33;&#xE2B;&#xE23;&#xE31;&#xE1A;&#xE1C;&#xE39;&#xE49;&#xE1A;&#xE23;&#xE34;&#xE2B;&#xE32;&#xE23;&#xE41;&#xE25;&#xE30;&#xE1C;&#xE39;&#xE49;&#xE19;&#xE33;&#xE2D;&#xE07;&#xE04;&#xE4C;&#xE01;&#xE23;&#xE20;&#xE32;&#xE04;&#xE23;&#xE31;&#xE10; =</subfield>
    <subfield code="b">The first 90 days in government / </subfield>
    <subfield code="c">&#xE42;&#xE14;&#xE22; Peter H. Daly, Michael Watkins &#xE41;&#xE25;&#xE30; Cate Reavis ; &#xE1C;&#xE39;&#xE49;&#xE41;&#xE1B;&#xE25;, &#xE13;&#xE31;&#xE10;&#xE22;&#xE32; &#xE2A;&#xE34;&#xE19;&#xE15;&#xE23;&#xE30;&#xE01;&#xE32;&#xE23;&#xE1C;&#xE25;.</subfield>
    <subfield code="h">[electronic resource]</subfield>
  </datafield>
  <datafield tag="260" ind1=" " ind2=" ">
    <subfield code="a">&#xE01;&#xE23;&#xE38;&#xE07;&#xE40;&#xE17;&#xE1E;&#xE2F; : </subfield>
    <subfield code="b">&#xE40;&#xE2D;&#xE47;&#xE01;&#xE0B;&#xE40;&#xE1B;&#xE2D;&#xE23;&#xE4C;&#xE40;&#xE19;&#xE47;&#xE17;, </subfield>
    <subfield code="c">2551.</subfield>
  </datafield>
  <datafield tag="300" ind1=" " ind2=" ">
    <subfield code="a">371 &#xE2B;&#xE19;&#xE49;&#xE32; :</subfield>
    <subfield code="b">&#xE20;&#xE32;&#xE1E;&#xE1B;&#xE23;&#xE30;&#xE01;&#xE2D;&#xE1A;, &#xE15;&#xE32;&#xE23;&#xE32;&#xE07; ;</subfield>
    <subfield code="c">23 &#xE0B;&#xE21;.</subfield>
  </datafield>
  <datafield tag="300" ind1=" " ind2=" ">
    <subfield code="a">Online resource</subfield>
  </datafield>
  <datafield tag="500" ind1=" " ind2=" ">
    <subfield code="a">&#xE41;&#xE1B;&#xE25;&#xE08;&#xE32;&#xE01; The first 90 days in government : critical success strategies for new public managers at all levels / Peter H. Daly and Michael Watkins with Cate Reavis., c2006.</subfield>
  </datafield>
  <datafield tag="505" ind1=" " ind2=" ">
    <subfield code="a">&#xE40;&#xE02;&#xE49;&#xE32;&#xE43;&#xE08;&#xE04;&#xE27;&#xE32;&#xE21;&#xE04;&#xE32;&#xE14;&#xE2B;&#xE27;&#xE31;&#xE07; --&#xE01;&#xE33;&#xE2B;&#xE19;&#xE14;&#xE01;&#xE25;&#xE22;&#xE38;&#xE17;&#xE18;&#xE4C;&#xE17;&#xE35;&#xE48;&#xE40;&#xE2B;&#xE21;&#xE32;&#xE30;&#xE2A;&#xE21;&#xE01;&#xE31;&#xE1A;&#xE2A;&#xE16;&#xE32;&#xE19;&#xE01;&#xE32;&#xE23;&#xE13;&#xE4C; --&#xE23;&#xE48;&#xE19;&#xE23;&#xE30;&#xE22;&#xE30;&#xE40;&#xE27;&#xE25;&#xE32;&#xE43;&#xE19;&#xE01;&#xE32;&#xE23;&#xE40;&#xE23;&#xE35;&#xE22;&#xE19;&#xE23;&#xE39;&#xE49;&#xE07;&#xE32;&#xE19; --&#xE2A;&#xE23;&#xE49;&#xE32;&#xE07;&#xE04;&#xE27;&#xE32;&#xE21;&#xE2A;&#xE33;&#xE40;&#xE23;&#xE47;&#xE08;&#xE02;&#xE31;&#xE49;&#xE19;&#xE41;&#xE23;&#xE01; --&#xE08;&#xE31;&#xE14;&#xE17;&#xE35;&#xE21;&#xE07;&#xE32;&#xE19;&#xE43;&#xE2B;&#xE49;&#xE1E;&#xE23;&#xE49;&#xE2D;&#xE21;&#xE2A;&#xE23;&#xE23;&#xE1E; --&#xE2A;&#xE23;&#xE49;&#xE32;&#xE07;&#xE1E;&#xE31;&#xE19;&#xE18;&#xE21;&#xE34;&#xE15;&#xE23; --&#xE2A;&#xE23;&#xE49;&#xE32;&#xE07;&#xE04;&#xE27;&#xE32;&#xE21;&#xE2A;&#xE2D;&#xE14;&#xE04;&#xE25;&#xE49;&#xE2D;&#xE07;&#xE43;&#xE2B;&#xE49;&#xE01;&#xE31;&#xE1A;&#xE17;&#xE38;&#xE01;&#xE2D;&#xE07;&#xE04;&#xE4C;&#xE1B;&#xE23;&#xE30;&#xE01;&#xE2D;&#xE1A; --&#xE2B;&#xE25;&#xE35;&#xE01;&#xE40;&#xE25;&#xE35;&#xE48;&#xE22;&#xE07;&#xE40;&#xE23;&#xE37;&#xE48;&#xE2D;&#xE07;&#xE19;&#xE48;&#xE32;&#xE1B;&#xE23;&#xE30;&#xE2B;&#xE25;&#xE32;&#xE14;&#xE43;&#xE08; --&#xE23;&#xE31;&#xE01;&#xE29;&#xE32;&#xE2A;&#xE21;&#xE14;&#xE38;&#xE25;&#xE02;&#xE2D;&#xE07;&#xE15;&#xE19;&#xE40;&#xE2D;&#xE07;.</subfield>
  </datafield>
  <datafield tag="650" ind1=" " ind2="4">
    <subfield code="a">&#xE02;&#xE49;&#xE32;&#xE23;&#xE32;&#xE0A;&#xE01;&#xE32;&#xE23; </subfield>
    <subfield code="9">23379</subfield>
    <subfield code="z">&#xE2A;&#xE2B;&#xE23;&#xE31;&#xE10;&#xE2D;&#xE40;&#xE21;&#xE23;&#xE34;&#xE01;&#xE32;</subfield>
  </datafield>
  <datafield tag="650" ind1=" " ind2="4">
    <subfield code="a">&#xE01;&#xE32;&#xE23;&#xE1A;&#xE23;&#xE34;&#xE2B;&#xE32;&#xE23;&#xE23;&#xE31;&#xE10;&#xE01;&#xE34;&#xE08;</subfield>
    <subfield code="9">38599</subfield>
    <subfield code="z">&#xE2A;&#xE2B;&#xE23;&#xE31;&#xE10;&#xE2D;&#xE40;&#xE21;&#xE23;&#xE34;&#xE01;&#xE32;</subfield>
  </datafield>
  <datafield tag="700" ind1="1" ind2=" ">
    <subfield code="9">38596</subfield>
    <subfield code="a">Daly, Peter H. </subfield>
  </datafield>
  <datafield tag="700" ind1="1" ind2=" ">
    <subfield code="9">38597</subfield>
    <subfield code="a">Warkins, Michael </subfield>
  </datafield>
  <datafield tag="700" ind1="1" ind2=" ">
    <subfield code="9">38598</subfield>
    <subfield code="a">Reavis, Cate </subfield>
  </datafield>
  <datafield tag="700" ind1="0" ind2=" ">
    <subfield code="a">&#xE13;&#xE31;&#xE10;&#xE22;&#xE32; &#xE2A;&#xE34;&#xE19;&#xE15;&#xE23;&#xE30;&#xE01;&#xE32;&#xE23;&#xE1C;&#xE25;.</subfield>
    <subfield code="9">5782</subfield>
  </datafield>
  <datafield tag="850" ind1=" " ind2=" ">
    <subfield code="a">NALT</subfield>
  </datafield>
  <datafield tag="856" ind1="4" ind2="0">
    <subfield code="u">https://ebook.parliament.go.th/ebookall/detail/431748</subfield>
    <subfield code="z">E-Book</subfield>
  </datafield>
  <datafield tag="942" ind1=" " ind2=" ">
    <subfield code="c">GB</subfield>
    <subfield code="2">lcc</subfield>
  </datafield>
  <datafield tag="996" ind1=" " ind2=" ">
    <subfield code="a">jamriang.p</subfield>
    <subfield code="b">CATSTF	</subfield>
    <subfield code="c">2023-11-29</subfield>
  </datafield>
  <datafield tag="999" ind1=" " ind2=" ">
    <subfield code="c">55186</subfield>
    <subfield code="d">55186</subfield>
  </datafield>
  <datafield tag="998" ind1=" " ind2=" ">
    <subfield code="j">1020</subfield>
    <subfield code="k"> &#xE19;&#xE32;&#xE07;&#xE08;&#xE33;&#xE40;&#xE23;&#xE35;&#xE22;&#xE07;  &#xE23;&#xE30;&#xE27;&#xE31;&#xE07;&#xE2A;&#xE33;&#xE42;&#xE23;&#xE07;</subfield>
  </datafield>
  <datafield tag="952" ind1=" " ind2=" ">
    <subfield code="0">0</subfield>
    <subfield code="1">0</subfield>
    <subfield code="2">lcc</subfield>
    <subfield code="4">0</subfield>
    <subfield code="7">0</subfield>
    <subfield code="8">CGBL</subfield>
    <subfield code="a">NALT</subfield>
    <subfield code="b">NALT</subfield>
    <subfield code="d">2021-11-16</subfield>
    <subfield code="e">&#xE08;&#xE31;&#xE14;&#xE0B;&#xE37;&#xE49;&#xE2D;&#xE17;&#xE23;&#xE31;&#xE1E;&#xE22;&#xE32;&#xE01;&#xE23;</subfield>
    <subfield code="l">2</subfield>
    <subfield code="m">2</subfield>
    <subfield code="o">JK 421 &#xE14;896&#xE01; 2551</subfield>
    <subfield code="p">3961172392</subfield>
    <subfield code="r">2021-12-15 00:00:00</subfield>
    <subfield code="s">2021-12-01</subfield>
    <subfield code="t">&#xE09;. 1</subfield>
    <subfield code="w">2017-06-09</subfield>
    <subfield code="y">GB</subfield>
  </datafield>
  <datafield tag="952" ind1=" " ind2=" ">
    <subfield code="0">0</subfield>
    <subfield code="1">0</subfield>
    <subfield code="2">lcc</subfield>
    <subfield code="4">0</subfield>
    <subfield code="7">0</subfield>
    <subfield code="8">CGBL</subfield>
    <subfield code="a">NALT</subfield>
    <subfield code="b">NALT</subfield>
    <subfield code="e">&#xE08;&#xE31;&#xE14;&#xE0B;&#xE37;&#xE49;&#xE2D;&#xE17;&#xE23;&#xE31;&#xE1E;&#xE22;&#xE32;&#xE01;&#xE23;</subfield>
    <subfield code="l">0</subfield>
    <subfield code="o">JK 421 &#xE14;896&#xE01; 2551</subfield>
    <subfield code="p">3961172393</subfield>
    <subfield code="r">2017-06-09 00:00:00</subfield>
    <subfield code="t">&#xE09;. 2</subfield>
    <subfield code="w">2017-06-09</subfield>
    <subfield code="y">GB</subfield>
  </datafield>
  <datafield tag="952" ind1=" " ind2=" ">
    <subfield code="0">0</subfield>
    <subfield code="1">0</subfield>
    <subfield code="2">lcc</subfield>
    <subfield code="4">0</subfield>
    <subfield code="7">0</subfield>
    <subfield code="8">CERS</subfield>
    <subfield code="a">NALT</subfield>
    <subfield code="b">NALT</subfield>
    <subfield code="c">ONLINE</subfield>
    <subfield code="d">2023-09-29</subfield>
    <subfield code="e">191</subfield>
    <subfield code="r">2023-09-29 00:00:00</subfield>
    <subfield code="w">2023-09-29</subfield>
    <subfield code="y">EBK</subfield>
  </datafield>
</record>
